000 05432cgm a2201057Ia 4500
001 ocm65185300
003 OCoLC
005 20241220124608.0
008 060322p20062005cau164 vleng d
007 vd cvaizq
040 _aTEFMT
_cTEFMT
_dTEF
_dRCS
_dGK8
_dSVP
_dLEO
_dOCLCQ
_dVP@
_dBTCTA
_dYDXCP
_dOCLCA
_dUMC
_dWIJ
_dOCLCQ
_dTXI
_dWAU
_dRCJ
_dCUM
_dOCLCA
_dOCLCQ
_dWPB
_dUINTA
019 _a68570412
020 _a1417080914
020 _a9781417080915
024 1 0 _a025192182327
028 4 0 _a21823
_bUniversal Studios Home Entertainment
029 1 _aYDXCP
_b2465958
029 1 _aNZ1
_b12889783
035 _a(OCoLC)65185300
_z(OCoLC)68570412
041 1 _aeng
_afre
_aeng
_bfre
_bspa
_heng
043 _aa-is---
050 1 4 _aPN1995.9.S87
_bM86 2006
082 0 4 _a791.43/72
_222
049 _aUCLB
092 _a791.437
130 0 _aMunich (Motion picture)
_96203815
245 1 0 _aMunich
_h[videorecording] /
_cUniversal ; DreamWorks ; directed by Steven Spielberg ; screenplay by Tony Kushner and Eric Roth ; produced by Kathleen Kennedy, Steven Spielberg, Barry Mendel, Colin Wilson ; director of photography, Janusz Kaminski ; an Amblin Entertainment-Kennedy/Marshall-Barry Mendel production in association with Alliance Atlantis Communications.
250 _aAnamorphic widescreen format (2.35:1).
260 _aUniversal City, CA :
_bUniversal Studios Home Entertainment,
_cc2006.
300 _a1 videodisc (164 min.) :
_bsd., col. ;
_c4 3/4 in.
538 _aDVD; NTSC, region 1; Dolby digital 5.1 surround.
546 _aIn English or dubbed French; with optional English SDH, French or Spanish subtitles.
546 _aVideo-described.
511 1 _aEric Bana, Daniel Craig, Ciaran Hinds, Mathieu Kassovitz, Hanns Zischler, Ayelet Zurer, Geoffrey Rush, Michael Lonsdale, Mathieu Amalric, Lynn Cohen, Marie-Josee Croze, Makram J. Koury, Igal Naor, Omar Metwally, Moritz Bleibtreu, Mostefa Djadjam, Gila Almagor, Moshe Ivgy, Yvan Attal, Hiam Abbass.
508 _aProduction designer, Rick Carter ; editor, Michael Kahn ; costume designer, Joanna Johnston ; music by John Williams ; casting by Jina Jay, Lucky Englander and Fritz Fleischhacker.
500 _aBased on the book: Vengeance, the true story of an Israeli counter-terrorist team / by George Jonas.
500 _a"Inspired by real events."
500 _aOriginally produced as a motion picture in 2005.
521 8 _aMPAA rating: R; for strong graphic violence, some sexual content, nudity and language.
520 _aThe intense story of the secret Israeli squad assigned to track down and assassinate the 11 Palestinians believed to have planned the 1972 Munich massacre of 11 Israeli athletes, and the personal toll this mission of revenge takes on the team and the man who led it.
500 _aSpecial feature: Optional introduction by Spielberg (5 min.).
600 1 0 _aJonas, George,
_d1935-
_vFilm and video adaptations.
_96203816
611 2 0 _aOlympic Games
_n(20th :
_d1972 :
_cMunich, Germany)
_vDrama.
_96203817
650 0 _aAssassins
_zIsrael
_vDrama.
_96511603
650 0 _aIntelligence officers
_zIsrael
_vDrama.
_96511604
650 0 _aIntelligence service
_zIsrael
_vDrama.
_96511605
650 0 _aEspionage
_zIsrael
_vDrama.
_96511606
650 0 _aTerrorists
_zEurope
_vDrama.
_96511607
650 0 _aTerrorism
_zGermany
_vDrama.
_96511608
650 0 _aAthletes
_xViolence against
_zGermany
_zMunich
_vDrama.
_96511609
650 0 _aIsraelis
_xViolence against
_zGermany
_zMunich
_vDrama.
_96511610
655 0 _aThrillers (Motion pictures)
_96203826
655 0 _aHistorical films.
_96203827
655 0 _aFeature films.
_96203828
655 0 _aFeature films
_zUnited States.
_95702540
655 0 _aFilm adaptations.
_96203829
655 0 _aVideo recordings for the hearing impaired.
_96203830
655 0 _aVideo recordings for people with visual disabilities.
_95676923
655 7 _aThriller
_vFeature.
_2migfg
_95692409
655 7 _aHistorical
_vFeature.
_2migfg
_95709379
655 7 _aSuspense films.
_2gsafd
_9102762
655 7 _aHistorical films.
_2gsafd
_96203827
650 7 _aAgentes
_zEuropa
_vTeatro.
_2bidex
_96511611
650 7 _aTerrorismo
_zAlemania
_vTeatro.
_2bidex
_96511612
650 0 _aCrime
_vDrama.
_2migfg
_95695137
700 1 _aSpielberg, Steven,
_d1946-
_4drt
_4pro
_910753
700 1 _aKushner, Tony.
_4aus
_926838
700 1 _aRoth, Eric,
_d1945-
_4aus
_96172317
700 1 _aKennedy, Kathleen,
_d1954-
_4pro
_923907
700 1 _aMendel, Barry.
_4pro
_95866517
700 1 _aWilson, Colin.
_4pro
_975564
700 1 _aKaminski, Janusz,
_ccinematographer.
_962919
700 1 _aBana, Eric.
_4act
_967996
700 1 _aCraig, Daniel,
_d1968-
_4act
_964203
700 1 _aHinds, CiarĂ¡n,
_d1953-
_4act
_95690780
700 1 _aKassovitz, Mathieu,
_d1967-
_4act
_976396
700 1 _aZischler, Hanns,
_d1947-
_4act
_944770
700 1 _aZorer, Ayelet.
_4act
_96013122
700 1 _aRush, Geoffrey,
_d1951-
_4act
_976388
700 1 _aKahn, Michael,
_d1935-
_4flm
_969239
700 1 _aWilliams, John,
_d1932-
_4cmp
_913533
700 1 _aJonas, George,
_d1935-
_tVengeance.
_96203833
710 2 _aUniversal Pictures (Firm)
_919584
710 2 _aDreamworks Pictures.
_964643
710 2 _aAmblin Entertainment (Firm)
_923913
710 2 _aAlliance Atlantis (Firm)
_966161
710 2 _aUniversal Studios Home Entertainment (Firm)
_972642
942 _cDVD
_0338
994 _aC0
_bUINTA
998 _aa131809
999 _c67257
_d67257